00962nam a22002777a 450000500170000001000140001702000100003103500140004103700160005504000120007108200180008310000320010124501080013325000120024126000430025327000380029630000310033450000200036565000320038565000330041770000310045070000290048194200270051099900190053795201280055620170124110156.0 aTA-004197 c25.00 aTA-004197 bCen Lib/Ret aDPLbEN a636.0896bRUN aRunnells, Russell A.935207 aPrinciples of veterinary pathology /cby Russell A. Runnells, William S. Monlux [and] Andrew W. Monlux  a7th ed. bScientific Book AgencyaCalcuttac1976 bCalcuttaa22 Raja Woodmunt Street axiv,958p. c25cm(Hb)bill. aIncludes index  aVeterinary Pathology935208 aPathology, Veterinary935209 aMonlux, William S. 935210 aMonlux, Andrew W.935211 2ddccENh636.0896mRUN c132595d132595 00104070aLbLd2015-07-23eCen Lib/Retg25.00l0o636.0896 RUNpTA-004197r2015-07-23 00:00:00t1v25.00w2015-07-23yEN